La Condición Humana: novela

Uloženo v:
Podrobná bibliografie
Hlavní autor: Malraux, André
Médium: Kniha
Jazyk:Undetermined
Vydáno: Santiago, Chile Editorial Nascimento 1934
Témata:
Tagy: Přidat tag
Žádné tagy, Buďte první, kdo vytvoří štítek k tomuto záznamu!

MARC

LEADER 00000nam a2200000Ia 4500
008 170316s9999 xx 000 0 und d
040 |a cru BVZT 
090 |a 840 M-4c 
100 |a Malraux, André 
245 |a La Condición Humana: novela 
260 |a Santiago, Chile  |b Editorial Nascimento  |c 1934 
300 |a 337 páginas 
650 |a LITERATURA FRANCESA 
650 |a NOVELA 
999 |c 7852  |d 7852 
942 |c 15 D  |h 840 M-4c  |2 z